| 000 | 01072nam0a22002771 4500 | ||
|---|---|---|---|
| 001 | rc\522593 | ||
| 005 | 20250621120108.0 | ||
| 010 |
_a5-311-00183-6 _93300 |
||
| 035 | _a(NLR Aleph) 005761551 | ||
| 090 |
_a4945350 _c4945350 |
||
| 100 | _a20030616d1988 |||y0rusy50 ca | ||
| 101 | 0 | _arus | |
| 102 | _aRU | ||
| 105 | _aa ||||||||| | ||
| 200 | 1 |
_aЛекарственное обеспечение лечебно-профилактических учреждений _fА.Р. Подоляка, Ф.К. Доманюк, Г.А. Семчук |
|
| 210 |
_aКиев _cЗдоровья _d1988 |
||
| 215 |
_a36, [2] с. _cил. _d21 |
||
| 225 | 1 |
_aБиблиотека передового опыта _iЗдравоохранение. Медицина |
|
| 700 | 1 |
_aПодоляка _bА.Р. _gАнна Романовна |
|
| 701 | 1 |
_aДоманюк _bФ.К. _gФедор Кириллович |
|
| 701 | 1 |
_aСемчук _bГ.А. _gГалина Афанасьевна |
|
| 801 | 0 |
_aRU _bNLR _gpsbo |
|
| 801 | 1 |
_aRU _bELAR _2rusmarc |
|
| 852 |
_aNLR _j88-4/18874 |
||
| 942 | _cBOOK | ||
| 980 | _aNB | ||